Online
Catalog

Ludwig Feuerbach y el fin de la filosofía clásica alemana / (Record no. 43144)

MARC details
000 -CABECERA
campo de control de longitud fija 00763nam a2200193 a 4500
001 - NÚMERO DE CONTROL
campo de control 000043655
005 - FECHA Y HORA DE LA ÚLTIMA TRANSACCIÓN
campo de control 20240301185228.0
008 - DATOS DE LONGITUD FIJA--INFORMACIÓN GENERAL
campo de control de longitud fija 111021s1986 dr 000 0 spa d
040 ## - FUENTE DE LA CATALOGACIÓN
Centro catalogador/agencia de origen DO-SdBNP
Lengua de catalogación spa
Centro/agencia transcriptor BNPHU
100 1# - ENTRADA PRINCIPAL--NOMBRE DE PERSONA
Nombre de persona Engels, Friedrich,
Fechas asociadas al nombre 1820-1895
9 (RLIN) 60306
245 10 - MENCIÓN DE TÍTULO
Título Ludwig Feuerbach y el fin de la filosofía clásica alemana /
Mención de responsabilidad, etc. Friedrich Engels.
260 ## - PUBLICACIÓN, DISTRIBUCIÓN, ETC.
Lugar de publicación, distribución, etc. Santo Domingo :
Nombre del editor, distribuidor, etc. Universitaria,
Fecha de publicación, distribución, etc. 1986.
300 ## - DESCRIPCIÓN FÍSICA
Extensión 77 p. ;
Dimensiones 21 cm.
490 1# - MENCIÓN DE SERIE
Mención de serie Clasicos del pensamiento universal
Designación de volumen o secuencia 1
490 1# - MENCIÓN DE SERIE
Mención de serie Publicaciones de la Universidad Autónoma de Santo Domingo
Designación de volumen o secuencia 545
500 ## - NOTA GENERAL
Nota general Incluye notas a pie de páginas
830 #0 - PUNTO DE ACCESO ADICIONAL DE SERIE-TÍTULO UNIFORME
Título uniforme Clasicos del pensamiento universal
Número de parte o sección de la obra 1
9 (RLIN) 71489
830 #0 - PUNTO DE ACCESO ADICIONAL DE SERIE-TÍTULO UNIFORME
Título uniforme Publicaciones de la Universidad Autónoma de Santo Domingo
Número de parte o sección de la obra 545
9 (RLIN) 71490
Holdings
Estado de retiro Estado de pérdida No para préstamo Código de colección Localización permanente Ubicación/localización actual Ubicación en estantería Fecha de adquisición Número de inventario Total de préstamos Signatura topográfica completa Código de barras Fecha visto por última vez Precio válido a partir de Tipo de ítem Koha
    Excluido de préstamo Patrimonio Dominicano Patrimonio Dominicano Patrimonio Dominicano En catalogación 01.04.2014 LF1   43655-10 25.06.2020 25.06.2020 Libro y Folleto Colección Patrimonio Dominicano

Powered by Koha